Every Classic Block added in Minecraft - Statistics

General Stats
  • This quiz has been taken 11 times
    10 since last reset
  • The average score is 9 of 40
Answer Stats
Blocks % Correct
Mossy Cobblestone
100%
Bedrock
56%
Block of Gold
56%
Block of Iron
56%
Iron Ore
56%
Lava
56%
Oak Leaves
56%
Oak Log
56%
Obsidian
56%
Sand
56%
Water
56%
Coal Ore
44%
Gravel
44%
Gold Ore
33%
Brick
22%
Dandelion
22%
Glass
22%
Poppy
22%
White Wool
22%
Bookshelf
11%
Brown Mushroom
11%
Smooth Stone Slab
11%
TNT
11%
Capri Cloth
0%
Chartreuse Cloth
0%
Cyan Clooth
0%
Dark Gray Cloth
0%
Green Cloth
0%
Light Gray Cloth
0%
Magenta Cloth
0%
Orange Cloth
0%
Purple Cloth
0%
Red Cloth
0%
Red Mushrooms
0%
Rose Cloth
0%
Sponge
0%
Spring Green Cloth
0%
Ultramarine Cloth
0%
Violet Cloth
0%
Yellow Cloth
0%
No matching quizzes found
Score Distribution
Percent of People with Each Score
Percentile by Number Answered
Your Score History
You have not taken this quiz since the last reset